LIBRARY & INFORMATION CENTRE, KCAET, TAVANUR

ONLINE PUBLIC ACCESS CATALOGUE (OPAC)

Stories Essays and Poems / (Record no. 2926)

MARC details
000 -LEADER
fixed length control field 00383cam a2200157ua 4500
041 ## - LANGUAGE CODE
Language code of text/sound track or separate title eng
082 ## - DEWEY DECIMAL CLASSIFICATION NUMBER
Classification number 823.301
Item number MAR/ST
100 ## - MAIN ENTRY--AUTHOR NAME
Personal name Mare, Walter de la .
245 ## - TITLE STATEMENT
Title Stories Essays and Poems /
250 ## - EDITION STATEMENT
Edition statement 1 /
260 ## - PUBLICATION, DISTRIBUTION, ETC. (IMPRINT)
Place of publication :
Name of publisher J M dent Sons Ltd ,
Year of publication 1951.
300 ## - PHYSICAL DESCRIPTION
Number of Pages 365 ; .
942 ## - ADDED ENTRY ELEMENTS (KOHA)
Koha item type Books
Holdings
Withdrawn status Lost status Damaged status Home library Current library Date acquired Full call number Accession Number Koha item type
Withdrawn     KAUAET Sanskrit University 07/04/2012 823.301 4414 Books
free website counter